000 00665nam a2200229 i 4500
001 bg
100 1 _aBALDOCK, Gordon Ramsey
245 4 _aThe mathematical theory of wave motion /
_cG.R. Baldock, T. Bridgeman.
260 _aChichester,
_c1981.
490 1 _aEllis Harwood Series in Mathematics and Its Applications
700 1 _aBRIDGEMAN, Tony
830 _aEllis Harwood Series in Mathematics and Its Applications
020 _a0853122253
020 _a0470271132
040 _cBPK
041 _apol
080 _a53:530.145:517
920 _a0-85312-225-3
920 _a0-470-27113-2
942 _cKS
008 s pl f |000 0 pol
999 _c28360
_d28360
856 _uhttp://koha.tu.koszalin.pl/cgi-bin/koha/opac-detail.pl?biblionumber=28360
_yKatalog online BPK